000
00325pab a2200133 454500
008
180718b1984 xxu||||| |||| 00| 0 eng d
245
_a
No centre - state conflict in planning
260
_c
1984
300
_a
33-6
362
_a
Oct.-Dec.
650
_a
Federal - State Relations
773
_a
Eastern Economist
909
_a
8350
999
_c
8350
_d
8350